Christopher Columbus ; explorer of the new world; be an eyewirness to.... columbus thrilling voyages of exploration (Record no. 313094)

000 -LEADER
fixed length control field 00320 a2200097 4500
001 - CONTROL NUMBER
control field 78021
082 ## - DEWEY DECIMAL CLASSIFICATION NUMBER
Classification number 970.01519 CHR
100 ## - MAIN ENTRY--PERSONAL NAME
Personal name Chriso, peter
245 ## - TITLE STATEMENT
Title Christopher Columbus ; explorer of the new world; be an eyewirness to.... columbus thrilling voyages of exploration
260 ## - PUBLICATION, DISTRIBUTION, ETC.
Place of publication, distribution, etc. NY
Name of publisher, distributor, etc. Dorlng Kindersley
Date of publication, distribution, etc. 2001
942 ## - ADDED ENTRY ELEMENTS (KOHA)
Institution code [OBSOLETE] NUST-CAE
Call number prefix 970.01519 CHR
Holdings
Withdrawn status Lost status Damaged status Not for loan Collection code Permanent Location Current Location Date acquired Total Checkouts Full call number Barcode Date last seen Price effective from Koha item type
          College of Aeronautical Engineering (CAE) College of Aeronautical Engineering (CAE) 04/03/2017   970.01519 CHR CAEN-4935 04/05/2017 04/05/2017 Book
© 2023 Central Library, National University of Sciences and Technology. All Rights Reserved.